Central Library OPAC University of Rajshahi

Thorpe / (Record no. 17942)

MARC details
000 -LEADER
fixed length control field 00596nam a22002291 4500
001 - CONTROL NUMBER
control field 17942
003 - CONTROL NUMBER IDENTIFIER
rucl marc code BD-RjUL
005 - DATE AND TIME OF LATEST TRANSACTION
control field 20211209000220.0
008 - FIXED-LENGTH DATA ELEMENTS--GENERAL INFORMATION
fixed length control field 140219s1967 ohu 000 0 eng
035 ## - SYSTEM CONTROL NUMBER
System control number (BD-RjUL)18000
040 ## - CATALOGING SOURCE
Original cataloging agency DLC
Transcribing agency DLC
Modifying agency DLC
-- BD-RjUL
Language of cataloging eng
041 ## - LANGUAGE CODE
Language code of text/sound track or separate title eng
082 ## - DEWEY DECIMAL CLASSIFICATION NUMBER
Classification number 813.4
Author mark and year DUT 1967
100 1# - MAIN ENTRY--PERSONAL NAME
Personal name Dutton, Mary.
9 (RLIN) 55336
245 10 - TITLE STATEMENT
Title Thorpe /
Statement of responsibility, etc. Mary Dutton.
260 ## - PUBLICATION, DISTRIBUTION, ETC. (IMPRINT)
Place of publication, distribution, etc. Cleveland :
Name of publisher, distributor, etc. World Pub. Co.,
Date of publication, distribution, etc. c1967.
300 ## - PHYSICAL DESCRIPTION
Pagination 254 p. ;
Size 22 cm.
650 ## - SUBJECT ADDED ENTRY--TOPICAL TERM
Topical term or geographic name as entry element Southern States --Fiction.
9 (RLIN) 55383
942 ## - ADDED ENTRY ELEMENTS (KOHA)
Source of classification or shelving scheme Dewey Decimal Classification
Koha item type Books
Holdings
Lost status Source of classification or shelving scheme Damaged status Not for loan Collection code Permanent Location Current Location Shelving location Date acquired Source of acquisition Cost, normal purchase price Total Checkouts Full call number Date last seen Copy number Koha item type
  Dewey Decimal Classification   Not For Loan Fiction Central Library, University of Rajshahi Central Library, University of Rajshahi Reading Room 27/03/1969 Doubleday Company. 0.00   813.4 DUT 1967 19/02/2014 C-1 Books